International economics / (Record no. 7537)

MARC details
000 -LEADER
fixed length control field 01381nam a2200205 4500
001 - CONTROL NUMBER
control field 8697
005 - DATE AND TIME OF LATEST TRANSACTION
control field 20181127190537.0
020 00 - INTERNATIONAL STANDARD BOOK NUMBER
International Standard Book Number 9780324586596
090 00 - LOCALLY ASSIGNED LC-TYPE CALL NUMBER (OCLC); LOCAL CALL NUMBER (RLIN)
Classification number (OCLC) (R) ; Classification number, CALL (RLIN) (NR) 337
100 00 - MAIN ENTRY--PERSONAL NAME
Personal name Carbaugh, Robert J.
245 00 - TITLE STATEMENT
Title International economics /
Remainder of title
Statement of responsibility, etc. Robert J Carbaugh
Medium
250 00 - EDITION STATEMENT
Edition statement 12th ed
260 00 - PUBLICATION, DISTRIBUTION, ETC.
Place of publication, distribution, etc. Mason :
Name of publisher, distributor, etc. South-Western Cengage Learning,
Date of publication, distribution, etc. 2009.
300 00 - PHYSICAL DESCRIPTION
Extent XXII, 553 s. ; 23 cm.
505 ## - FORMATTED CONTENTS NOTE
Formatted contents note CONTENTS: The International Economy and Globalization. 2. Foundations of Modern Trade Theory: Comparative Advantage. 3. Sources of Comparative Advantage. 4. Tariffs. 5. Nontariff Trade Barriers. 6. Trade Regulations and Industrial Policies. 7. Trade Policies for the Developing Nations. 8. Regional Trading Arrangements. 9. International Factor Movements and Multinational Enterprises. 10. The Balance of Payments. 11. Foreign Exchange. 12. Exchange-Rate Determination. 13. Balance-of-Payments Adjustments. 14. Exchange-Rate Adjustments and the Balance of Payments. 15. Exchange- Rate Systems and Currency Crises. 16. Macroeconomic Policy in an Open Economy. 17. International Banking: Reserves, Debt, and Risk.
Miscellaneous information
Statement of responsibility
Title
520 ## - SUMMARY, ETC.
Summary, etc. Offers easy-to-understand coverage of international trade and finance theory. This title is also suitable for those with little economics background
650 00 - SUBJECT ADDED ENTRY--TOPICAL TERM
Topical term or geographic name entry element
General subdivision
Topical term or geographic name entry element
General subdivision
Topical term or geographic name entry element International economic relations.
General subdivision
Holdings
Withdrawn status Lost status Source of classification or shelving scheme Damaged status Not for loan Collection code Home library Current library Shelving location Date acquired Serial Enumeration / chronology Inventory number Total Checkouts Total Renewals Full call number Barcode Date last seen Date last checked out Price effective from Koha item type
    Dewey Decimal Classification     Main TEST RTC Library RTC Library Main opac 08/04/2021 13170 2 2 337 CAR 30013355 26/04/2023 27/03/2023 27/11/2018 Main
Royal Thimphu College || All Right Reserved